00340 2200133 4500001002100000005001500021035002000036245006800056100003200124300001200156260001500168082001100183990001200194INLIS00000000000219720250527012354 a0010-05250004891 aPerilaku Nabi Terhadap Anak-anak /cHasan Bin Amam Hasan Hammam0 aHasan Bin Amam Hasan Hammam a232 hlm bIBS,c2007 a297.63 a0712695